000 00531nam a22001457a 4500
999 _c528180
_d528180
082 _a307.1
100 _aHassan, Zamir-UL-
245 _aSustainable Urban Housing Design & Construction Practices, A Case Study of Dadu, Sindh /
_cZamir-UL-Hassan.
260 _aIslamabad:
_bNIT - SCEE - NUST,
_c2018.
300 _aVar 64 p. : ill. ;
_c30cm.
942 _2ddc
_cTHE
650 _aUrban & Regional Planning - MS Thesis.
_916560
700 _aSup: Dr. Malik Asghar Naeem.
_919779